000 00382nam a2200169Ia 4500
001 28283
003 IN-NITTTR
005 20251114233350.0
008 251113s9999||||xx |||||||||||||| ||eng||
040 _beng
040 _cIN-NITTTR
041 _aeng
082 _a621.382 H321D
100 _aHaykin, Simon
245 0 _aDigital communications /
_cHaykin,Simon
942 _2ddc
_cBK
999 _c30911
_d30911